| 000 | 00590nam a2200205Ii 4500 | ||
|---|---|---|---|
| 003 | JO-AjNU | ||
| 008 | 230606s9999||||xx |||||||||||||| ||und|| | ||
| 020 | _a81-89757-11-3 | ||
| 040 |
_aJO-AjNU _beng _erda _cJO-AjNU |
||
| 041 | _aeng | ||
| 050 | 1 | 4 | _aQA76.9.D35U62 2007. |
| 100 | 3 |
_a Upadhyay, Nitin. , _eauthor _9214 |
|
| 245 | 0 | 0 | _a Data Structures Using C |
| 264 | 3 | 1 | _aS.K KATARIA SONS:2008 |
| 300 | _a634p | ||
| 336 |
_atext _btxt _2rdacontent |
||
| 337 |
_aunmediated _bn _2rdamedia |
||
| 338 |
_avolume _bnc _2rdacarrier |
||
| 650 | 4 |
_a Data structures (Computer Science). _9215 |
|
| 999 |
_aE113 _c113 _d113 |
||